00860 2200325 4500001002100000005001500021035002000036007000300056040001700059100002900076245003900105250001200144300004400156020001800200041000800218082001000226084001600236090002200252264003800274336002100312337003000333338002300363650001200386700003100398850001000429008004100439990001800480990001800498990001800516INLIS00000000000748420260602011549 a0010-0822000458ta aSBPUPADbind0 aNy. SusmayatiePengarang1 aAneka Masakan Kue /cNy. Susmayati a.-cet.2 aviii, 121hlm :bilus. ;c14,5 x 20,5 cm a979-518-309-507aind a641.5 a641.5 SUS a a641.5 SUS a L20-9 a.--Jakarta :bRineka Cipta,c2002 2rdacontentateks 2rdamediaatanpa perantara 2rdacarrieravolume 4aMasakan0 aNy. Hj. AsnidarePengarang aPUPAD260602 0  a14762/BR/2014 a14760/BR/2014 a14761/Br/2014